Směrnice a dokumenty k zabezpečení masového rozvoje tělovýchové a branné činnosti v SSM a PO SSM /

Další autoři: Havel, Jaroslav
Jazyk: Čeština
Vydáno: Praha : Mladá fronta, 1981-1984
Vydání: 1 vyd.
Edice: Vychováváme svazácký aktiv
Fyzický popis: 134 s.
Odebírané svazky: 1-4
Knihy
Uloženo v:
LEADER 01299nam a2200289 a 4500
001 000600656
003 CZ BrMZK
005 20120816204759.0
007 ta
008 020515m19811984xr f cze d
040 |a BOA001  |b cze  |c BOA001 
080 |a 796:329.78(437)(083.133)  |2 MRF 
080 |a 329.78(437):796(083.133)  |2 MRF 
245 0 0 |a Směrnice a dokumenty k zabezpečení masového rozvoje tělovýchové a branné činnosti v SSM a PO SSM /  |c k tisku připravil Jaroslav Havel 
250 |a 1 vyd. 
260 |a Praha :  |b Mladá fronta,  |c 1981-1984 
300 |a 134 s. 
490 1 |a Vychováváme svazácký aktiv 
505 0 |a 1 1981. 134 s. -- 2. 1981. 94 s. -- 3. 1983. 126 s. -- 4. 1984. 125 s. 
700 1 |a Havel, Jaroslav  |7 jk01040221  |4 edt 
830 0 |a Vychováváme svazácký aktiv 
910 |a BOA001  |b 2-0831.896  |s 1-4 
990 |a BK 
996 7 |b 2619356791  |c 2-0831.896  |d 1.  |v 1  |l MZK  |r Sklad / do 1 hodiny  |n 0  |w 000600656  |u 000010  |a 1  |e BOA001  |j MZK50  |s A 
996 7 |b 2619356792  |c 2-0831.896  |d 2.  |v 2  |l MZK  |r Sklad / do 1 hodiny  |n 0  |w 000600656  |u 000020  |a 1  |e BOA001  |j MZK50  |s A 
996 7 |b 2619356793  |c 2-0831.896  |d 3.  |v 3  |l MZK  |r Sklad / do 1 hodiny  |n 0  |w 000600656  |u 000030  |a 1  |e BOA001  |j MZK50  |s A 
996 7 |b 2619356794  |c 2-0831.896  |d 4.  |v 4  |l MZK  |r Sklad / do 1 hodiny  |n 0  |w 000600656  |u 000040  |a 1  |e BOA001  |j MZK50  |s A